00750pam a2200217 i 450000100060000000300080000600500170001400800410003103500190007204000270009104100080011808200270012610000620015324501020021526000400031730000340035750400410039165000110043265100460044365100430048927159BD-RjUL20211209051124.0140324s1936 e a b 001 0 eng d a(BD-RjUL)27230 aDLCcDLCdBD-RjULbeng aeng00a944.027bBRH V-5 19361 aBridge, John S. C.q(John Seargeant Cyprian),d1877-1959.12aA history of France from the death of Louis XI /cby John S. C. Bridge.nVolume VpFrance in 1515 aNew York :bClarendon Press,c1936. axvi, 366 p. :bill. ;c23 cm. aIncludes bibliographies and indexes. aFrence 0aFrencexHistoryyCharles VIII, 1483-1498. 0aFrancexHistoryyLouis XII, 1498-1515.